<?xml version="1.0" encoding="UTF-8"?>
<record
    xmlns:xsi="http://www.w3.org/2001/XMLSchema-instance"
    xsi:schemaLocation="http://www.loc.gov/MARC21/slim http://www.loc.gov/standards/marcxml/schema/MARC21slim.xsd"
    xmlns="http://www.loc.gov/MARC21/slim">

  <leader>02201cam a2200505 i 4500</leader>
  <datafield tag="999" ind1=" " ind2=" ">
    <subfield code="c">522753</subfield>
    <subfield code="d">522753</subfield>
  </datafield>
  <controlfield tag="001">20698161</controlfield>
  <controlfield tag="003">NUST</controlfield>
  <controlfield tag="005">20190110101607.0</controlfield>
  <controlfield tag="008">181009s2018    pk       b    000 0 urd  </controlfield>
  <datafield tag="010" ind1=" " ind2=" ">
    <subfield code="a">  2018326005</subfield>
  </datafield>
  <datafield tag="020" ind1=" " ind2=" ">
    <subfield code="a">9789697576302</subfield>
  </datafield>
  <datafield tag="025" ind1=" " ind2=" ">
    <subfield code="a">P-U-2018326005; 38</subfield>
  </datafield>
  <datafield tag="037" ind1=" " ind2=" ">
    <subfield code="b">Library of Congress -- Islamabad Overseas Office</subfield>
  </datafield>
  <datafield tag="038" ind1=" " ind2=" ">
    <subfield code="a">waseem</subfield>
  </datafield>
  <datafield tag="040" ind1=" " ind2=" ">
    <subfield code="a">DLC</subfield>
    <subfield code="b">eng</subfield>
    <subfield code="e">rda</subfield>
    <subfield code="c">DLC</subfield>
  </datafield>
  <datafield tag="042" ind1=" " ind2=" ">
    <subfield code="a">lcode</subfield>
    <subfield code="a">pcc</subfield>
  </datafield>
  <datafield tag="043" ind1=" " ind2=" ">
    <subfield code="a">a-pk---</subfield>
  </datafield>
  <datafield tag="050" ind1="0" ind2="0">
    <subfield code="a">HN690.5.A8</subfield>
    <subfield code="b">M84 2018</subfield>
  </datafield>
  <datafield tag="066" ind1=" " ind2=" ">
    <subfield code="c">(3</subfield>
    <subfield code="c">(4</subfield>
  </datafield>
  <datafield tag="082" ind1=" " ind2=" ">
    <subfield code="a">324.2095491</subfield>
    <subfield code="b">MUM</subfield>
  </datafield>
  <datafield tag="100" ind1="0" ind2=" ">
    <subfield code="6">880-01</subfield>
    <subfield code="a">Mumt&#x101;zudd&#x12B;n,</subfield>
    <subfield code="c">(Educationalist)</subfield>
    <subfield code="e">author.</subfield>
    <subfield code="9">13035</subfield>
  </datafield>
  <datafield tag="245" ind1="1" ind2="0">
    <subfield code="6">880-02</subfield>
    <subfield code="a">Sam&#x101;j&#x12B; aur siy&#x101;s&#x12B; tabd&#x12B;l&#x12B; magar kese? /</subfield>
    <subfield code="c">Mumt&#x101;zudd&#x12B;n.</subfield>
  </datafield>
  <datafield tag="246" ind1="1" ind2="4">
    <subfield code="6">880-03</subfield>
    <subfield code="a">Siy&#x101;s&#x12B; aur sam&#x101;j&#x12B; tabd&#x12B;l&#x12B; magar kese?</subfield>
  </datafield>
  <datafield tag="250" ind1=" " ind2=" ">
    <subfield code="6">880-04</subfield>
    <subfield code="a">Ish&#x101;&#x2BB;at-i avval.</subfield>
  </datafield>
  <datafield tag="264" ind1=" " ind2="1">
    <subfield code="6">880-05</subfield>
    <subfield code="a">Isl&#x101;m&#x101;b&#x101;d :</subfield>
    <subfield code="b">Iqb&#x101;l In&#x1E6D;arnaishnal Ins&#x1E6D;&#x12B;&#x1E6D;iy&#x16B;&#x1E6D; f&#x101;r R&#x12B;sarc ain&#x1E0D; &#x1E0C;&#x101;&#x2BC;&#x12B;l&#x101;g,</subfield>
    <subfield code="c">2018.</subfield>
  </datafield>
  <datafield tag="300" ind1=" " ind2=" ">
    <subfield code="a">152 pages ;</subfield>
    <subfield code="c">22 cm</subfield>
  </datafield>
  <datafield tag="336" ind1=" " ind2=" ">
    <subfield code="a">text</subfield>
    <subfield code="b">txt</subfield>
    <subfield code="2">rdacontent</subfield>
  </datafield>
  <datafield tag="337" ind1=" " ind2=" ">
    <subfield code="a">unmediated</subfield>
    <subfield code="b">n</subfield>
    <subfield code="2">rdamedia</subfield>
  </datafield>
  <datafield tag="338" ind1=" " ind2=" ">
    <subfield code="a">volume</subfield>
    <subfield code="b">nc</subfield>
    <subfield code="2">rdacarrier</subfield>
  </datafield>
  <datafield tag="504" ind1=" " ind2=" ">
    <subfield code="a">Includes bibliographical references.</subfield>
  </datafield>
  <datafield tag="520" ind1=" " ind2=" ">
    <subfield code="a">On social and political changes in Pakistani society.</subfield>
  </datafield>
  <datafield tag="546" ind1=" " ind2=" ">
    <subfield code="a">In Urdu.</subfield>
  </datafield>
  <datafield tag="650" ind1=" " ind2="0">
    <subfield code="a">Social change</subfield>
    <subfield code="z">Pakistan.</subfield>
    <subfield code="9">13036</subfield>
  </datafield>
  <datafield tag="651" ind1=" " ind2="0">
    <subfield code="a">Pakistan</subfield>
    <subfield code="x">Social conditions</subfield>
    <subfield code="y">21st century.</subfield>
    <subfield code="9">3727</subfield>
  </datafield>
  <datafield tag="651" ind1=" " ind2="0">
    <subfield code="a">Pakistan</subfield>
    <subfield code="x">Politics and government</subfield>
    <subfield code="y">21st century.</subfield>
    <subfield code="9">1623</subfield>
  </datafield>
  <datafield tag="710" ind1="2" ind2=" ">
    <subfield code="a">International Islamic University (Isl&#x101;m&#x101;b&#x101;d, Pakistan).</subfield>
    <subfield code="b">Iqbal International Institute for Research &amp; Dialogue.</subfield>
    <subfield code="9">7154</subfield>
  </datafield>
  <datafield tag="880" ind1="0" ind2=" ">
    <subfield code="6">100-01/(3/r&#x200F;</subfield>
    <subfield code="a">&#x200F;&#x645;&#x645;&#x62A;&#x627;&#x632;&#x200C;&#x627;&#x644;&#x62F;&#x651;&#x64A;&#x646;&#x60C;&#x200F;</subfield>
  </datafield>
  <datafield tag="880" ind1="1" ind2="0">
    <subfield code="6">245-02/(3/r&#x200F;</subfield>
    <subfield code="a">&#x200F;&#x633;&#x645;&#x627;&#x62C;&#x649; &#x627;&#x648;&#x631; &#x633;&#x64A;&#x627;&#x633;&#x649; &#x62A;&#x628;&#x62F;&#x64A;&#x644;&#x649; &#x645;&#x6AF;&#x631; &#x6A9;&#x64A;&#x633;&#x6D2;&#x61F; /&#x200F;</subfield>
    <subfield code="c">&#x200F;&#x645;&#x645;&#x62A;&#x627;&#x632;&#x200C;&#x627;&#x644;&#x62F;&#x651;&#x64A;&#x646;.</subfield>
  </datafield>
  <datafield tag="880" ind1="1" ind2="4">
    <subfield code="6">246-03/(3/r&#x200F;</subfield>
    <subfield code="a">&#x633;&#x64A;&#x627;&#x633;&#x649; &#x627;&#x648;&#x631; &#x633;&#x645;&#x627;&#x62C;&#x649; &#x62A;&#x628;&#x62F;&#x64A;&#x644;&#x649; &#x645;&#x6AF;&#x631; &#x6A9;&#x64A;&#x633;&#x6D2;&#x61F;</subfield>
  </datafield>
  <datafield tag="880" ind1=" " ind2=" ">
    <subfield code="6">250-04/(3/r&#x200F;</subfield>
    <subfield code="a">&#x200F;&#x627;&#x634;&#x627;&#x639;&#x62A; &#x627;&#x648;&#x651;&#x644;.</subfield>
  </datafield>
  <datafield tag="880" ind1=" " ind2="1">
    <subfield code="6">264-05/(3/r&#x200F;</subfield>
    <subfield code="a">&#x200F;&#x627;&#x633;&#x644;&#x627;&#x645; &#x622;&#x628;&#x627;&#x62F; :&#x200F;</subfield>
    <subfield code="b">&#x200F;&#x627;&#x642;&#x628;&#x627;&#x644; &#x627;&#x646;&#x679;&#x631;&#x646;&#x64A;&#x634;&#x646;&#x644; &#x627;&#x646;&#x633;&#x679;&#x64A;&#x679;&#x64A;&#x648;&#x679; &#x641;&#x627;&#x631; &#x631;&#x64A;&#x633;&#x631;&#x686; &#x627;&#x64A;&#x646;&#x688; &#x688;&#x627;&#x626;&#x64A;&#x644;&#x627;&#x6AF;&#x60C;&#x200F;</subfield>
    <subfield code="c">&#x200F;&#x202A;2018&#x202C;.</subfield>
  </datafield>
  <datafield tag="906" ind1=" " ind2=" ">
    <subfield code="a">7</subfield>
    <subfield code="b">cbc</subfield>
    <subfield code="c">origode</subfield>
    <subfield code="d">3</subfield>
    <subfield code="e">ncip</subfield>
    <subfield code="f">20</subfield>
    <subfield code="g">y-nonroman</subfield>
  </datafield>
  <datafield tag="942" ind1=" " ind2=" ">
    <subfield code="2">ddc</subfield>
    <subfield code="c">BK</subfield>
  </datafield>
  <datafield tag="952" ind1=" " ind2=" ">
    <subfield code="0">0</subfield>
    <subfield code="1">0</subfield>
    <subfield code="2">ddc</subfield>
    <subfield code="4">0</subfield>
    <subfield code="7">0</subfield>
    <subfield code="8">NFIC</subfield>
    <subfield code="a">CL</subfield>
    <subfield code="b">CL</subfield>
    <subfield code="c">CART</subfield>
    <subfield code="d">2019-01-10</subfield>
    <subfield code="e">Donation</subfield>
    <subfield code="l">1</subfield>
    <subfield code="m">1</subfield>
    <subfield code="o">324.2095491 MUM</subfield>
    <subfield code="p">CL-D-296</subfield>
    <subfield code="r">2022-12-08</subfield>
    <subfield code="s">2022-06-15</subfield>
    <subfield code="w">2019-01-10</subfield>
    <subfield code="y">BK</subfield>
  </datafield>
</record>
